000 00302nam a22001337a 4500
008 170209b xxu||||| |||| 00| 0 eng d
020 _a9781930598744
041 _aeng
080 _22ED
_a61
100 _a4
101 _aSHM
245 _aCLINIAN GUIDE LABORATORY MEDICINE
_cDESAI.P
942 _2udc
_cBK
999 _c5056
_d5056